| 000 | 00390cam a22001337a 4500 | ||
|---|---|---|---|
| 008 | 180718b1944 xxu||||| |||| 00| 0 eng d | ||
| 082 | _aA6x43 F863 | ||
| 100 | _aFraser, Lindley | ||
| 245 |
_aGermany between two wars: a study of propagania and war-guilt _cby Lindley Fraser |
||
| 260 |
_aLondon _bOUP _c1944 |
||
| 300 | _a184p. | ||
| 650 | _aWorld war, 1914-18 | ||
| 650 | _aGermany - History | ||
| 999 |
_c365866 _d365866 |
||